Deutschland: Geografie mit Q - Statistiken

Allgemein
  • Dieses Quiz wurde 285 mal gespielt
  • Das Durchschnittsergebnis liegt bei 6 aus 10
Antwortstatistiken
Hinweis Antwort % Korrekt
In Deutschland gibt es viele solcher Stellen, an denen Grundwasser aus der Erde tritt und ein Fluss entsteht Quelle
97%
Die im nördlichen Harz gelegene Stadt in Sachsen-Anhalt ist die größte deutsche Stadt mit Q Quedlinburg
87%
Aufgrund des gitterförmigen Straßennetzes seiner Innenstadt trägt Mannheim diesen Beinamen {Quadrate}stadt
74%
In München ist ein Denkmal für den Sänger dieser britischen Band geplant, der sechs Jahre lang in der Stadt gelebt hat Queen
73%
Stadt in der Nähe von Halle (Saale), die die thüringische Landeshauptstadt im Namen trägt Querfurt
66%
Skulptur auf dem Brandenburger Tor Quadriga
65%
Niedersächsische Stadt nördlich von Osnabrück, die sich die Namensendung mit dieser Stadt teilt Quakenbrück
58%
Nordwestlich von Hamburg gelegene Stadt im Landkreis Pinneberg Quickborn
40%
Das Münster der Stadt Neuss ist nach diesem römischen Märtyrer benannt Quirinus
20%
52 km langer Fluss in Rheinland-Pfalz, der in Germersheim in den Rhein mündet Queich
14%
Keine übereinstimmenden Quizze gefunden
Verteilung der Resultate
Anzahl Personen mit jedem Resultat
Perzentil nach korrekt beantworteten Fragen
Ihre Resultats-Entwicklung
Sie haben dieses Quiz noch nicht gespielt